000 00451nam a2200193Ia 4500
008 151119s9999||||xx |||||||||||||| ||und||
082 _a823
082 _bGKKV25705
100 _aSHARBUNO JEANNE
245 _a52 WAYS TO LIVE SUCCESS
260 _a--
260 _b--
260 _c0
600 _aSHARBUNO JEANNE
630 _a52 WAYS TO LIVE SUCCESS
700 _aSHARBUNO JEANNE
730 _a52 WAYS TO LIVE SUCCESS
942 _cBOOK
999 _c1078212
_d1078209